00996 2200337 4500001002100000005001500021035002000036007000300056008004100059020002200100040002200122082001200144084001400156090002200170100002700192245009100219250002500310300003900335650001900374700003100393700002100424850001200445264002800457336002100485337003000506338002300536999002200559500004200581041001300623990002200636INLIS00000000089310720250206104306 a0010-0225000189ta250206s2025 yoia g ind d a978-602-5792-72-4 aYOPDYOGbinderda04223a920 a920 FRA c aCB-D.11 2025-00390 aFrank, AnneePengarang10aCatatan harian Anne Frank /cAnne Frank; penerjemah, Nina Artanti R.; penyunting, Nien aCetakan pertama 2025 axiii, 501 halaman :bfoto ;c19 cm 4aCatatan harian0 aNina Artanti R.ePengarang0 aNienePenyunting aYOPDYOG31aSleman :bNarasi,c2025 2rdacontentateks 2rdamediaatanpa perantara 2rdacarrieravolume aCB-D.11/2025-0039 aJudul asli: the diary of a young girl1 aindheng aCB-D.11/2025-0039